Les Pokémon les plus lourds (+ de 150 Kg) - Statistiques

Statistiques générales
  • Ce quiz a été pris 1 043 fois
    933 depuis la dernière actualisation
  • Le résultat moyen est 38 sur 76
Statistiques - réponses
Nom Poids % Correct
383 Groudon 950 Kg
88%
382 Kyogre 352 Kg
85%
484 Dialga 683 Kg
82%
484 Palkia 336 Kg
82%
487 Giratina (forme alternative) 750 Kg
80%
487 Giratina (forme originelle) 650 Kg
80%
143 Ronflex 460 Kg
80%
384 Rayquaza 206,5 Kg
79%
321 Wailord 398 Kg
76%
249 Lugia 216 Kg
72%
643 Reshiram 330 Kg
72%
644 Zekrom 345 Kg
72%
493 Arceus 320 Kg
71%
149 Dracolosse 210 Kg
71%
791 Solgaleo 230 Kg
71%
208 Steelix 400 Kg
71%
486 Regigigas 420 Kg
70%
790 Cosmovum 999,9 Kg
69%
646 Kyurem 325 Kg
69%
095 Onix 210 Kg
68%
378 Regice 175 Kg
68%
377 Regirock 230 Kg
68%
379 Registeel 205 Kg
68%
076 Grolem 300 Kg
67%
250 Ho-oH 199 Kg
67%
716 Xerneas 215 Kg
65%
717 Yveltal 203 Kg
65%
376 Métalosse 550 Kg
64%
797 Bamboiselle 999,9 Kg
62%
485 Heatran 430 Kg
61%
248 Tyranocif 202 Kg
61%
130 Léviator 235 Kg
60%
718 Zygarde 305 Kg
60%
306 Galeking 360 Kg
59%
244 Entei 198 Kg
55%
245 Suicune 187 Kg
55%
243 Raikou 178 Kg
54%
464 Rhinastoc 282,8 Kg
54%
799 Engloutyran 888 Kg
53%
639 Terrakium 260 Kg
53%
638 Cobaltium 250 Kg
51%
640 Viridium 200 Kg
50%
389 Torterra 310 Kg
47%
721 Volcanion 195 Kg
43%
131 Lokhlass 220 Kg
39%
720 Hoopa (forme déchaînée) 490 Kg
38%
500 Roitiflam 150 Kg
38%
462 Magnézone 180 Kg
37%
375 Métang 202,5 Kg
37%
526 Gigalithe 260 Kg
36%
750 Bourrinos 920 Kg
35%
623 Golemastoc 330 Kg
33%
476 Tarinorme 340 Kg
32%
437 Archéodong 187 Kg
29%
450 Hippodocus 300 Kg
29%
473 Mammochon 291 Kg
29%
713 Séracrawl 505 Kg
29%
699 Dragmara 225 Kg
28%
365 Kaimorse 150,6 Kg
28%
706 Muplodocus 150,5 Kg
28%
297 Hariyama 253,8 Kg
27%
247 Ymphect 152 Kg
27%
350 Milobellus 162 Kg
26%
323 Camérupt 220 Kg
25%
697 Rexillius 270 Kg
25%
635 Trioxhydre 160 Kg
25%
059 Arcanin 155 Kg
24%
362 Oniglali 256,5 Kg
19%
614 Polagriffe 260 Kg
18%
337 Séléroc 168 Kg
15%
338 Solaroc 154 Kg
15%
545 Brutapode 200,5 Kg
14%
781 Sinistrail 210 Kg
14%
558 Crabaraque 200 Kg
11%
226 Démanta 220 Kg
11%
230 Hyporoi 152 Kg
10%
Aucun quiz correspondant
Distribution des résultats
% des personnes avec chaque résultat
Percentile par nombre de réponses
Votre historique - résultats
Vous n’avez pas pris ce quiz depuis la dernière actualisation